000 00224nam a2200097 a 4500
005 20200930075726.0
008 120117s1993 000 spa d
245 0 _aTeatro.
260 _aSanto Domingo,
_c1993.
999 _c35916
_d35916
040 _aDO-SdBNP